000 03158nam0a2200421 4500
001 RU\NLR\BIBL_A\011597035
005 20241103101612.0
010 _a9785983402638
_980
021 _aRU
_b2017-96792
_96961
035 _a(RuMoRGB)009487702
035 _a(LIBNET)RU\NLR\bibl\890179
035 _a(NLR Aleph) 011597035
090 _a10867133
_c10867133
100 _a20180117d2011 k y0rusy50 ca
101 0 _arus
_aeng
_deng
102 _aRU
105 _aa z 100zy
200 1 _aСборник тезисов VIII Международной научно-технической конкурс-конференция молодых специалистов "Геофизика-2011", (Санкт-Петербург, 3-7 октября 2011)
_dAbstracts book of VIII International scientific and technical competition-conference of young specialists "Geophysics-2011", (Saint-Petersburg, 3-7 October 2011)
_f[Санкт-Петербургский государственный университет, Евро-азиатское геофизическое общество (Санкт-Петербургское отделение), ФГУНПП "Геологоразведка"
_zeng
210 _aСанкт-Петербург
_c[б. и.]
_d2011
215 _a207, [1] с.
_cил.
_d30
300 _aНа обл.: Геофизика 2011: VIII Международная научно-практическая конференция молодых специалистов, 3-7 октября 2011, Санкт-Петербург (Петергоф): тезисы докладов
300 _aЧасть текста и рез. на англ. яз.
320 _aБиблиогр. в конце ст.
320 _aУказ. авт. в конце кн.
510 1 _6z01791
_aAbstracts book of VIII International scientific and technical competition-conference of young specialists "Geophysics-2011", (Saint-Petersburg, 3-7 October 2011)
_zeng
512 1 _aГеофизика 2011
_eVIII Международная научно-практическая конференция молодых специалистов, 3-7 октября 2011, Санкт-Петербург (Петергоф)
_eтезисы докладов
606 _aГеофизика
_jТезисы докладов
_9918700
_3RU\NLR\AUTH\6617375
606 _aГеологические разведки
_jТезисы докладов
_xГеофизические методы
_91085563
_3RU\NLR\AUTH\66106021
686 _aД2я431(0)
_2rubbk
686 1 _aД20я431(0)
686 1 _aД443.4я431(0)
710 1 2 _a"Геофизика-2011", международная научно-техническая конкурс-конференция молодых специалистов
_d8
_eСанкт-Петербург
_9585797
_3RU\NLR\AUTH\880461606
791 1 2 _7ba
_8eng
_a"Geophysics-2011", international scientific and technical competition-conference of young specialists
_d8
_eSaint-Petersburg
_9585796
_3RU\NLR\AUTH\880461605
942 _cBOOK
980 _aNBR